Zdokonaľovanie mzdových sústav Záverečná správa 1. etapy HÚ ŠPEV 904 113 206

Gespeichert in:
Bibliographische Detailangaben
1. Verfasser: Zrak, Jozef
Format: Buch
Sprache:Slowakisch
Veröffentlicht: Bratislava Výskumný ústav sociálneho rozvoja a práce 1988
Schriftenreihe:Výskumné práce VÚSRP
Tags: Tag hinzufügen
Keine Tags, Fügen Sie das erste Tag hinzu!

MARC

LEADER 00000nam a2200000 4500
001 c034199
005 20240419070110.4
041 0 |a slo 
044 |a SK 
245 1 0 |a Zdokonaľovanie mzdových sústav  |b Záverečná správa 1. etapy HÚ ŠPEV 904 113 206  |c Jozef Zrak 
264 1 |a Bratislava  |b Výskumný ústav sociálneho rozvoja a práce  |c 1988 
300 |a 78 s. 
490 1 |a Výskumné práce VÚSRP 
830 0 |a Výskumné práce VÚSRP 
100 1 |a Zrak, Jozef